| 000 | 00666cam a22002417a 4500 | ||
|---|---|---|---|
| 001 | 002471 | ||
| 003 | armpunfd | ||
| 005 | 20140612090709.0 | ||
| 008 | 120615e2012#xx#a##########000#0##nd#d | ||
| 020 | _a9789870257301 | ||
| 040 |
_aarmpunfd _carmpunfd |
||
| 080 | _a347 R 246 | ||
| 100 | 1 | 0 | _a Rech, Ramiro Rene. |
| 245 | 1 | 0 |
_aA que esto no lo sabia : _bALGUNAS CUESTIONES LEGALES QUE NO PUEDE DESCONOCER. |
| 260 |
_a Buenos Aires : _b Dunken, _c2012. |
||
| 300 | _a143 p. | ||
| 650 | 7 |
_a Derecho Civil _2LEMB |
|
| 650 | 7 |
_a Desalojos _2LEMB |
|
| 650 | 7 |
_a Familia _2LEMB |
|
| 650 | 7 |
_a Sucesiones _2LEMB |
|
| 942 |
_cLB _2cdu |
||
| 945 |
_aCatalis _d2010-08-19 |
||
| 999 |
_c2461 _d232965 |
||